000 00517nam a22001817i 4500
001 3562
003 OSt
005 20170126082320.0
007 tu
008 161220s1997 xxu||||| |||| 00| 0 d
024 7 _a3561
_2RID
040 _cOSt
084 _a3.21
_a3.71
_2z
245 0 0 _aWirtschaftslage und Reformprozesse in Mittel- und Osteuropa. Sammelband 1997
_bUnter Mitarb. v: DIW, HWWA, IFO, IWH, Osteuropa-Inst.
260 _aBerlin,
_c1997.
300 _a215 S. ;
_c30cm.
110 2 _aBundesministerium für Wirtschaft
_eEd.
942 _cB
999 _c3509
_d3509